000 00350nam a2200145Ia 4500
008 230917s9999||||xx |||||||||||||| ||und||
040 _e147346
_aMAIN
041 _aEnglish
082 _a070.102438 K143M
100 _aKaptan, S S
245 0 _aMedia and consumer protection
260 _aNew Delhi
_bSarup
_c2004
300 _a92 p.
942 _cBK
999 _c131100
_d131100